| 000 | 00478nam a22001697a 4500 | ||
|---|---|---|---|
| 999 |
_c41063 _d41063 |
||
| 003 | OSt | ||
| 005 | 20210304111428.0 | ||
| 008 | 210304b ||||| |||| 00| 0 eng d | ||
| 020 | _a9789383318810 | ||
| 040 | _coclc | ||
| 082 |
_a425 _bSAB/L |
||
| 100 |
_98508 _aSabharwal, Aditya |
||
| 245 |
_aLearning English Grammar / _cAditya Sabharwal |
||
| 260 |
_aNew Delhi: _bWisdom Press, _c2017. |
||
| 300 | _a240p | ||
| 942 |
_2ddc _cBK _h425 _iSAB/L _k425 _mSAB/L |
||